Compendium of strawberry diseases
שמור ב:
| מחבר ראשי: | |
|---|---|
| פורמט: | ספר |
| שפה: | אנגלית |
| יצא לאור: |
Saint Paul
The American Phytopathological Society
1984
|
| נושאים: | |
| תגים: |
הוספת תג
אין תגיות, היה/י הראשונ/ה לתייג את הרשומה!
|
MARC
| LEADER | 00000nam a2200000 a 4500 | ||
|---|---|---|---|
| 001 | UCR3047 | ||
| 003 | CL-VaPUC | ||
| 008 | 980123e19840000us |||||||||||||||||eng|d | ||
| 082 | 0 | 4 | |a 634.7593 |b MAA |2 21 |
| 100 | |a Maas, J. L. |e autor |9 448865 | ||
| 245 | 1 | 0 | |a Compendium of strawberry diseases |
| 300 | |a 138 p | ||
| 942 | |c BK | ||
| 945 | |d 19980123 00:00:00 |a jquezada | ||
| 260 | |a Saint Paul |b The American Phytopathological Society |c 1984 | ||
| 650 | 7 | |a FRUTILLAS |2 CL-VaPUC |9 264227 | |
| 650 | 0 | |a Fruticultura |9 259678 | |
| 650 | 0 | |a Cosecha |9 259688 | |
| 650 | 0 | |a Cultivo |9 264268 | |
| 650 | 0 | |a Virus vegetales |9 358382 | |
| 650 | 7 | |a ENFERMEDADES FUNGOSAS |2 CL-VaPUC |9 340452 | |
| 650 | 0 | |a Insectos |9 264174 | |
| 650 | 0 | |a Control de plagas |9 327373 | |
| 650 | 0 | |a Patología vegetal |9 325426 | |
| 583 | |a last modification |c 20171214 01:43:43 |k Rodrigo Vera | ||
| 999 | |c 266159 |d 266157 | ||